Most Popular Songs in USA 4/12/2025 - Statistics

General Stats
  • This quiz has been taken 21 times
  • The average score is 9 of 15
Answer Stats
Rank Artist (Version) Answer Streams Radio Airplay Sales % Correct
12. Doechii Anxiety 16.1 Million 24.2 Million 6.5 Thousand
90%
2. Lady GaGa, Bruno Mars Die With A Smile 19.5 Million 59.4 Million 4 Thousand
86%
1. Kendrick Lamar, SZA Luther 24.3 Million 61.7 Million 2.5 Thousand
81%
15. Kendrick Lamar Not Like Us 17.1 Million 22.6 Million 2.5 Thousand
76%
4. Shaboozey A Bar Song (Tipsy) 16.1 Million 48.6 Million 2.5 Thousand
71%
10. Billie Eilish Birds Of A Feather 13.7 Million 43.1 Million 1.5 Thousand
71%
7. Rose, Bruno Mars APT. 13.9 Million 38.3 Million 3.5 Thousand
67%
5. Chappell Roan Pink Pony Club 14.6 Million 41.2 Million 6 Thousand
67%
11. Benson Boone Beautiful Things 15.4 Million 36.5 Million 3 Thousand
62%
6. Teddy Swims Lose Control 17.6 Million 38.3 Million 2.5 Thousand
52%
13. Gracie Abrams That's So True 12.3 Million 47.7 Million 1 Thousand
52%
14. Alex Warren Ordinary 18.6 Million 4.5 Million 5 Thousand
48%
3. Drake Nokia 21 Million 15.2 Million 6 Thousand
43%
9. Morgan Wallen I'm The Problem 16.8 Million 26 Million 4.5 Thousand
38%
8. Morgan Wallen Just In Case 20.6 Million 1.5 Million 4 Thousand
19%
No matching quizzes found
Score Distribution
Percent of People with Each Score
Percentile by Number Answered
Your Score History
You have not taken this quiz